Statistics for All Alpine World Cup Winners (Women)

Click here to take the quiz!

General Stats

  • This quiz has been taken 173 times
  • The average score is 129 of 256

Answer Stats

RacerCountryWins% Correct
Mikaela ShiffrinUSA88
100%
Lindsey VonnUSA82
94%
Lara Gut-BehramiSUI36
89%
Petra VlhováSVK27
89%
Tina MazeSLO26
89%
Anja PärsonSWE42
83%
Federica BrignoneITA21
83%
Veronika Velez ZuzulováSVK5
83%
Deborah CompagnoniITA16
78%
Hanni WenzelLIE33
78%
Janica KostelićCRO30
78%
Katja SeizingerGER36
78%
Maria Höfl-RieschGER27
78%
Marlies SchildAUT37
78%
Martina SchildSUI1
78%
Michela FiginiSUI26
78%
Vreni SchneiderSUI55
78%
Alexandra MeissnitzerAUT14
72%
Alice RobinsonNZL3
72%
Anna Swenn-LarssonSWE1
72%
Annemarie Moser-PröllAUT62
72%
Corinne SuterSUI5
72%
Dominique GisinSUI3
72%
Ester LedeckáCZE3
72%
Fabienne SuterSUI4
72%
Frida HansdotterSWE4
72%
Hilde GergGER20
72%
Ilka ŠtuhecSLO11
72%
Jasmine FlurySUI1
72%
Julia MancusoUSA7
72%
Kajsa Vickhoff LieNOR1
72%
Michaela DorfmeisterAUT25
72%
Michelle GisinSUI1
72%
Nicole HospAUT12
72%
Nicole SchmidhoferAUT4
72%
Nina OrtliebAUT2
72%
Ragnhild MowinckelNOR3
72%
Sara HectorSWE4
72%
Šárka ZáhrobskáCZE2
72%
Sofia GoggiaITA22
72%
Sonja NefSUI15
72%
Stephanie VenierAUT1
72%
Tanja PoutiainenFIN11
72%
Tessa WorleyFRA16
72%
Tina WeiratherLIE9
72%
Valérie GrenierCAN1
72%
Viktoria RebensburgGER19
72%
Anita WachterAUT19
67%
Carole MontilletFRA8
67%
Cornelia HütterAUT4
67%
Denise KarbonITA6
67%
Elena CurtoniITA3
67%
Elena FanchiniITA2
67%
Elisabeth GörglAUT7
67%
Emily BrydonCAN1
67%
Erika HessSUI31
67%
Eva-Maria BremAUT3
67%
Evi MittermaierFRG2
67%
Isabelle MirFRA9
67%
Isolde KostnerITA15
67%
Jessica Lindell-VikarbySWE2
67%
Karen PutzerITA8
67%
Katharina LiensbergerAUT3
67%
Lena DürrGER2
67%
María José RiendaSPA6
67%
Maria WalliserSUI25
67%
Marie-Michèle GagnonCAN2
67%
Marlies OesterSUI1
67%
Marta BassinoITA6
67%
Martina ErtlGER14
67%
Michaela KirchgasserAUT3
67%
Monika HessSUI1
67%
Nadia FanchiniITA2
67%
Nina Haver-LøsethNOR2
67%
Pernilla WibergSWE24
67%
Petra KronbergerAUT16
67%
Picabo StreetUSA9
67%
Ramona SiebenhoferAUT2
67%
Renate GötschlAUT46
67%
Romane MiradoliFRA1
67%
Rosi MittermaierFRG10
67%
Tamara McKinneyUSA18
67%
Ulrike MaierAUT5
67%
Wendy HoldenerSUI5
67%
Alice McKennisUSA1
61%
Andrea FischbacherAUT3
61%
Andrine FlemmenNOR3
61%
Anna OttossonSWE1
61%
Anna VeithAUT15
61%
Anne-Flore ReyFRA1
61%
Brigitte ObermoserAUT3
61%
Britt JanykCAN1
61%
Carole MerleFRA22
61%
Carolina Ruiz CastilloSPA1
61%
Chiara CostazzaITA1
61%
Christine GoitschelFRA1
61%
Christine ScheyerAUT1
61%
Claudia RieglerNZL4
61%
Corinne Rey-BelletSUI5
61%
Cornelia PröllAUT1
61%
Elfi EderAUT3
61%
Erin MielzynskiCAN1
61%
Fränzi AufdenblattenSUI1
61%
Genevieve SimardCAN1
61%
Gertrud GablAUT7
61%
Ingeborg H. MarkenNOR1
61%
Kathrin HölzlGER2
61%
Kathrin ZettelAUT9
61%
Kristina KoznickUSA6
61%
Laure PequegnotFRA3
61%
Lise-Marie MorerodSUI24
61%
Maria HolausAUT1
61%
Maria Pietilä HolmnerSWE3
61%
Maria Rosa QuarioITA4
61%
Marielle GoitschelFRA7
61%
Marie-Theres NadigSUI24
61%
Merete FjeldavlieNOR1
61%
Mirjam PuchnerAUT2
61%
Nadia StygerSUI4
61%
Nancy GreeneCAN14
61%
Pamela BehrFRG1
61%
Priska NuferSUI1
61%
Roswitha SteinerAUT8
61%
Sabine EggerAUT2
61%
Sandrine AubertFRA4
61%
Sigrid WolfAUT5
61%
Stine Hofgaard NilsenNOR1
61%
Sylvia EderAUT2
61%
Trine BakkeNOR2
61%
Urška HrovatSLO5
61%
Andreja SlokarSLO2
56%
Daniela MerighettiITA1
56%
Gina StechertGER1
56%
Hilary LindhUSA3
56%
Ingrid JacquemodFRA1
56%
Karin BuderAUT1
56%
Katja KorenSLO1
56%
Katrin GutensohnAUT4
56%
Kirsten ClarkUSA1
56%
Kristina AnderssonSWE1
56%
Marianne Kaufmann-AbderhaldenSUI1
56%
Melanie TurgeonCAN1
56%
Michele JacotFRA10
56%
Monika KasererAUT10
56%
Regina HäuslGER1
56%
Regine CavagnoudFRA8
56%
Sarah SchleperUSA1
56%
Špela PretnarSLO6
56%
Therese BorssénSWE1
56%
Ylva NowénSWE4
56%
Zali SteggallAUS1
56%
Annelise CobergerNZL1
50%
Barbara CochranUSA3
50%
Blanca Fernández OchoaSPA4
50%
Brigitte OertliSUI9
50%
Brigitte TotschnigAUT8
50%
Chantal BournissenSUI7
50%
Christel PascalFRA1
50%
Christina MeierFRG2
50%
Diann RoffeUSA2
50%
Karin Roten MeierSUI2
50%
Lara MagoniITA1
50%
Marilyn CochranUSA3
50%
Paoletta MagoniITA1
50%
Perrine PelenFRA15
50%
Sylviane BerthodSUI1
50%
Wiltrud DrexelAUT5
50%
Bernadette ZurbriggenSUI7
44%
Heidi Zeller-BählerSUI3
44%
Heidi ZurbriggenSUI3
44%
Leila PiccardFRA1
44%
Anja HaasAUT3
39%
Bernadette RauterAUT3
39%
Camilla NilssonSWE1
39%
Clara DirezFRA1
39%
Claudia StroblAUT1
39%
Erika SchineggerAUT1
39%
Judy NagelUSA3
39%
Julie M.J. ParisienUSA3
39%
Kathy KreinerCAN1
39%
Marina KiehlFRG7
39%
Mateja SvetYUG7
39%
Olga PallAUT3
39%
Regina SacklAUT3
39%
Sabina PanzaniniITA3
39%
Sabine GintherAUT6
39%
Varvara ZelenskayaRUS4
39%
Zoe HaasSUI2
39%
Irene EppleFRG11
33%
Maria EppleFRG5
33%
Annerösli ZrydSUI1
28%
Dorota Mogore-TlalkaPOL1
28%
Alenka DovžanSLO1
22%
Anni KronbichlerAUT3
22%
Daniela ZiniITA2
22%
Nataša BokalYUG1
22%
Olga CharvatovaCZE2
22%
Petra HaltmayrGER2
22%
Traudl HächerFRG4
22%
Ursula KonzettLIE2
22%
Abbi FisherUSA1
17%
Annie FamoseFRA2
17%
Beatrice GafnerSUI2
17%
Betsy CliffordCAN3
17%
Bibiana PerezITA1
17%
Birgit Heeb-BatlinerLIE1
17%
Britt LafforgueFRA7
17%
Caroline AttiaFRA1
17%
Catherine QuittetFRA2
17%
Christa KinshoferFRG7
17%
Christa ZechmeisterFRG6
17%
Christelle GuignardFRA2
17%
Christiane MitterwallnerAUT1
17%
Christin CooperUSA5
17%
Cindy NelsonUSA6
17%
Claudia GiordaniITA3
17%
Corinne ImligSUI1
17%
Corinne SchmidhauserSUI4
17%
Danièle DebernardFRA5
17%
Doris de AgostiniSUI8
17%
Élisabeth ChaudFRA1
17%
Fabienne SerratFRA3
17%
Fernande BochataySUI3
17%
Florence MasnadaFRA1
17%
Florence SteurerFRA4
17%
Francoise MacchiFRA10
17%
Gerry SorensenCAN5
17%
Giustina DemetzITA1
17%
Holly FlandersUSA3
17%
Ida LadstätterAUT1
17%
Ingrid LafforgueFRA7
17%
Ingrid StöcklAUT1
17%
Jacqueline RouvierFRA1
17%
Jana ŠoltýsováCZE1
17%
Kate PaceCAN2
17%
Kiki CutterUSA5
17%
Laurie GrahamCAN6
17%
Lea SölknerAUT1
17%
Liisa SavijarviCAN1
17%
Lilian KummerSUI1
17%
Marie-Cécile Gros-GaudenierFRA1
17%
Mélanie SuchetFRA1
17%
Michaela Gerg-LeitnerFRG4
17%
Miriam VogtGER1
17%
Mojca SuhadolcSLO1
17%
Monika MaierhoferAUT1
17%
Nathalie BouvierFRA1
17%
Pam FletcherUSA1
17%
Patricia ChauvetFRA1
17%
Patricia EmonetFRA4
17%
Regine MösenlechnerFRG1
17%
Svetlana GladyshevaRUS1
17%
Veronika ŠarecYUG1
17%
Burgl FärbingerFRG1
11%
Elisabeth KirchlerAUT4
11%
Michaela MarzolaITA1
11%

Score Distribution

Percentile by Number Answered

Percent of People with Each Score

Your Score History

You have not taken this quiz